| 000 | 00634nam a2200217Ia 4500 | ||
|---|---|---|---|
| 003 | OSt | ||
| 005 | 20220918105529.0 | ||
| 006 | a|||||r|||| 00| 0 | ||
| 007 | ta | ||
| 008 | 220915b |||||||| |||| 00| 0 eng d | ||
| 024 | _a92240 | ||
| 037 | _cReference Collections | ||
| 040 |
_aARTS _cARTS _beng |
||
| 041 |
_2eng _aeng |
||
| 082 | _aUk45, N76, L6-1-.2(RR) | ||
| 245 | 0 | _aHistorical Gazetter of Iran ed by Ludwig W Adamec | |
| 260 |
_aAustria _bAkademische Druck u Verlagsanstalt _c1976 |
||
| 650 | _aGEOGRAPHY | ||
| 942 |
_hUk45, N76, L6-1-.2(RR) _cREF |
||
| 999 |
_c107887 _d107887 |
||